000 01353nam a2200325Ia 4500
001 ebr10255500
003 CaPaEBR
006 m u
007 cr cn|||||||||
008 010629s2001 si a sb 001 0 eng d
020 _z9789810242152
020 _z9810242158
040 _aCaPaEBR
_cCaPaEBR
035 _a(OCoLC)261340391
050 1 4 _aQC311.5
_b.G76 2001eb
100 1 _aGross, Dieter H. E.
245 1 0 _aMicrocanonical thermodynamics
_h[electronic resource] :
_bphase transitions in "small" systems /
_cDieter H.E. Gross.
246 3 0 _aPhase transitions in "small" systems
260 _aSingapore ;
_aRiver Edge, N.J. :
_bWorld Scientific,
_cc2001.
300 _axv, 269 p. :
_bill.
490 1 _aWorld Scientific lecture notes in physics ;
_v66
504 _aIncludes bibliographical references (p. 249-263) and index.
533 _aElectronic reproduction.
_bPalo Alto, Calif. :
_cebrary,
_d2011.
_nAvailable via World Wide Web.
_nAccess may be limited to ebrary affiliated libraries.
650 0 _aStatistical thermodynamics.
650 0 _aThermodynamics.
655 7 _aElectronic books.
_2local
710 2 _aebrary, Inc.
830 0 _aWorld Scientific lecture notes in physics ;
_v66.
856 4 0 _uhttp://site.ebrary.com/lib/rucke/Doc?id=10255500
_zAn electronic book accessible through the World Wide Web; click to view
999 _c14833
_d14833